[Event "Reykjavik op"]
[Site "Reykjavik"]
[Date "1993.??.??"]
[Round "6"]
[White "Gausel, Einar"]
[Black "McNab, Colin Anderson"]
[Result "1-0"]
[WhiteElo "2485"]
[BlackElo "2490"]

1.Nf3 g6 2.c4 d6 3.d4 Nd7 4.Nc3 e5 5.e4 Bg7 6.Be2 Ngf6 7.O-O O-O 8.Be3 Qe7
9.d5 a5 10.Ne1 Nc5 11.Qc2 b6 12.Rc1 Ng4 13.Bxg4 Bxg4 14.Nb5 Na6 15.Nd3 Bd7
16.Qd2 f5 17.exf5 gxf5 18.f4 e4 19.Nf2 Rf6 20.Bd4 Rg6 21.Rc3 Re8 22.Re1 Bxd4
23.Nxd4 Qg7 24.g3 Kh8 25.Nc2 Nc5 26.Qd4 Na4 27.Qxg7+ Kxg7 28.Rb3 Kf6 29.Ne3 Reg8
30.Re2 R6g7 31.Ra3 Nc5 32.Rc3 Be8 33.Rd2 Bh5 34.Ng2 Re7 35.Re3 Rge8 36.b3 Bf3
37.Nh4 Bh5 38.h3 Nd3 39.Ng2 Nxf2 40.Kxf2 a4 41.b4 b5 42.cxb5 Rb8 43.a3 Rxb5
44.Rc3 Bf7 45.Ne3 h5 46.Rc6 Be8 47.Ra6 Rb7 48.Ra8 Bd7 49.Rf8+ Kg6 50.Rd8 Rh7
51.Rc2 Kf6 52.Rc3 Rg7 53.Rh8 Kg6 54.Ng2 Rh7 55.Nh4+ Kg7 56.Rd8 Kf6 57.Ke3 Rg7
58.Kd4 Rh7 59.Rg8 Kf7 60.Rd8 Ke7 61.Ra8 Kf6 62.Ng2 Kf7 63.h4 Rg7 64.Rh8 Kg6
65.Ne3 Re7 66.Rg8+ Rg7 67.Rd8 Kf6 68.Rf8+ Kg6 69.Nc4 Bb5 70.Na5 Ra7 71.Rb8 Bd7
72.Nb7 Re7 73.Ke3 Be8 74.Na5 Kf6 75.Kd4 Kf7 76.Nc4 Bd7 77.b5 Re8 78.Rxe8 Kxe8
79.b6 cxb6 80.Nxd6+ Kd8 81.Rc2 b5 82.Rb2 Rc7 83.Nf7+ Kc8 84.Nd6+ Kd8 85.Re2 Rc1
86.Nf7+ Kc7 87.Ne5 Rd1+ 88.Kc5 Rc1+ 89.Kd4 Kd6 90.Nf7+ Ke7 91.Ne5 Kd6 92.Re3 Rd1+
93.Kc3 Rxd5 94.Kc2 Be8 95.Re1 Rc5+ 96.Kb2 Rd5 97.Kc2 Kc5 98.Rc1 Kb6 99.Rh1  1-0

[Event "ISD-FRA"]
[Site "Reykjavik"]
[Date "1993.??.??"]
[Round "7"]
[White "Hjartarson, Johann"]
[Black "Apicella, Manuel"]
[Result "1-0"]
[WhiteElo "2625"]
[BlackElo "2495"]

1.d4 Nf6 2.c4 g6 3.Nc3 Bg7 4.e4 d6 5.Nf3 O-O 6.Be2 e5 7.O-O Na6 8.Be3 Ng4
9.Bg5 Qe8 10.dxe5 dxe5 11.h3 h6 12.Bd2 Nf6 13.Be3 c6 14.a3 Qe7 15.b4 Nh5
16.c5 Rd8 17.Qc1 Nf4 18.Bxf4 exf4 19.e5 g5 20.Bxa6 bxa6 21.Ne4 Bxe5 22.Re1 Bg7
23.Ra2 Be6 24.Rae2 Qc7 25.Qc2 Rd5 26.Nd6 a5 27.Rxe6 fxe6 28.Rxe6 axb4 29.axb4 a5
30.Qe4 axb4 31.Re7 Qxe7 32.Qxe7 b3 33.Qf7+ Kh8 34.Nf5 Rxf5 35.Qxf5 b2 36.Nd2 Rd8
37.Nb1 Rd1+ 38.Kh2 Rf1 39.Qc8+ Kh7 40.Qxc6 Rxf2 41.Qe4+ Kh8 42.c6  1-0

[Event "Reykjavik op"]
[Site "Reykjavik"]
[Date "1993.??.??"]
[Round "9"]
[White "Pliester, Leon"]
[Black "Gretarsson, Andri A"]
[Result "1/2-1/2"]
[WhiteElo "2385"]
[BlackElo "2310"]

1.d4 Nf6 2.c4 g6 3.Nc3 Bg7 4.e4 O-O 5.Be2 d6 6.Nf3 e5 7.O-O Nbd7 8.Be3 Ng4
9.Bg5 f6 10.Bh4 Kh8 11.dxe5 dxe5 12.Nd2 Nh6 13.b4 c6 14.c5 a5 15.a3 axb4
16.axb4 Rxa1 17.Qxa1 Nxc5 18.bxc5 Qxd2 19.Rd1 Qc2 20.Qa3 Be6 21.Rc1 Qd2 22.Rd1 Qc2
23.Rc1 Qd2 24.Rd1  1/2-1/2

[Event "LAT-ch"]
[Site "Riga"]
[Date "1993.??.??"]
[Round "?"]
[White "Kupruks, Raimonds"]
[Black "Lanka, Zigurds"]
[Result "0-1"]
[WhiteElo "2175"]
[BlackElo "2545"]

1.d4 Nf6 2.c4 g6 3.Nc3 Bg7 4.e4 d6 5.Nf3 O-O 6.Be2 e5 7.dxe5 dxe5 8.Qxd8 Rxd8
9.Bg5 Rf8 10.Nxe5 Nxe4 11.Nxe4 Bxe5 12.O-O-O Nc6 13.Nf6+ Kg7 14.Ng4 Bxg4
15.Bxg4 h6 16.Be3 Bf6 17.Rd2 Ne5 18.Be2 Rfe8 19.g3 a5 20.Bd4 a4 21.Bxe5 Rxe5
22.h4 h5 23.Bf3 Rb8 24.Be2 Rbe8 25.Bf3 c6 26.Kb1 a3 27.bxa3 Rf5 28.Bd1 Bc3
29.Rd3 Ba5 30.f3 Rfe5 31.Kc2 Rc5 32.Kb3 b5 33.cxb5 Rxb5+ 34.Kc2 Reb8 35.Rb3 Rc5+
36.Kb1 Rd8 37.g4 Rd2 38.gxh5 Rxh5 39.f4 Rf5 40.h5 Rxf4 41.hxg6 fxg6 42.Rg1 Kf6
43.Rbg3 g5 44.Rxg5 Rxd1+ 45.Rxd1 Kxg5 46.Rc1 Bd8 47.Rxc6 Bf6 48.Rb6 Rf2 49.a4 Kf5
50.a5 Bd4 51.Rb3 Ke4 52.a6 Bc5 53.Rb5 Kd4 54.Ra5 Bb4 55.Rb5 Bc5 56.Ra5 Ba7
57.Rb5 Rf6 58.Ra5 Kc3 59.a3 Rf1+ 60.Ka2 Rf2+ 61.Kb1 Rb2+ 62.Kc1 Be3+ 63.Kd1 Kd3
64.Rd5+ Bd4 65.Kc1 Ra2  0-1

[Event "ROM-chT"]
[Site "ROM"]
[Date "1993.??.??"]
[Round "4"]
[White "Zamfirescu, Bogdan"]
[Black "Milu, Romeo Sorin"]
[Result "1/2-1/2"]
[WhiteElo "2250"]
[BlackElo "2410"]

1.d4 Nf6 2.c4 g6 3.Nc3 Bg7 4.e4 d6 5.Nf3 O-O 6.Be2 e5 7.d5 a5 8.Bg5 h6 9.Bh4 Na6
10.Nd2 h5 11.Bg5 Qe8 12.O-O Nh7 13.Be3 h4 14.h3 Qe7 15.a3 Bd7 16.b4 f5 17.c5 axb4
18.axb4 f4 19.cxd6 cxd6 20.Bb6 Nxb4 21.Rxa8 Rxa8 22.Qb3 Na6 23.Ra1 Bf8 24.Kh2 Nf6
25.Ra2 Bc8 26.f3  1/2-1/2

[Event "ROM-chT"]
[Site "ROM"]
[Date "1993.??.??"]
[Round "7"]
[White "Kocsis, Levente"]
[Black "Ionescu, Doru Alexandru"]
[Result "1-0"]
[WhiteElo "2265"]
[BlackElo "2225"]

1.c4 g6 2.Nf3 Bg7 3.e4 d6 4.d4 Nf6 5.Nc3 O-O 6.Be2 e5 7.O-O exd4 8.Nxd4 Re8
9.f3 Nh5 10.g4 Nf6 11.Kh1 Nc6 12.Be3 a6 13.Rg1 Nd7 14.Nd5 Nce5 15.Qd2 c6
16.Nf4 Nb6 17.Rac1 d5 18.cxd5 cxd5 19.Nc2 Nbc4 20.Qxd5 Nxe3 21.Qxd8 Rxd8
22.Nxe3 Nc6 23.Nc4 Bd4 24.Rgd1 b5 25.Nb6 Bxb6 26.Rxc6 Rxd1+ 27.Bxd1 Bd4 28.Bb3 g5
29.Nd3 h5 30.Rd6 Be3 31.Bd5 Rb8 32.Rd8+ Kg7 33.Kg2 hxg4 34.fxg4 Bb6 35.Re8 Bd4
36.Nb4 Kf6 37.Nc6  1-0

[Event "ROM-chT"]
[Site "ROM"]
[Date "1993.??.??"]
[Round "8"]
[White "Breahna, Radu"]
[Black "Istratescu, Andrei"]
[Result "1/2-1/2"]
[WhiteElo "2335"]
[BlackElo "2470"]

1.d4 Nf6 2.c4 g6 3.Nc3 Bg7 4.e4 d6 5.Nf3 O-O 6.Be2 e5 7.dxe5 dxe5 8.Qxd8 Rxd8
9.Bg5 Nbd7 10.O-O-O Rf8 11.b4 c6 12.Nd2 Re8 13.Kb2  1/2-1/2

[Event "ROM-chT"]
[Site "ROM"]
[Date "1993.??.??"]
[Round "9"]
[White "Neamtu, Serban"]
[Black "Ionescu, Doru Alexandru"]
[Result "1/2-1/2"]
[WhiteElo "2330"]
[BlackElo "2225"]

1.Nf3 g6 2.d4 Bg7 3.c4 Nf6 4.Nc3 O-O 5.e4 d6 6.Be2 e5 7.O-O exd4 8.Nxd4 Re8
9.f3 Nh5 10.g4 Nf6 11.Bf4 Nc6 12.Nxc6 bxc6 13.Qd2 Nd7 14.Rad1 c5 15.Bg5 Bd4+
16.Kh1 f6 17.Be3 Bxe3 18.Qxe3  1/2-1/2

[Event "ROM-chT"]
[Site "ROM"]
[Date "1993.??.??"]
[Round "9"]
[White "Dragomirescu, Calin"]
[Black "Ardeleanu, Alin"]
[Result "1/2-1/2"]
[WhiteElo "2230"]
[BlackElo "2355"]

1.d4 Nf6 2.c4 g6 3.Nc3 Bg7 4.e4 O-O 5.Be2 d6 6.Nf3 e5 7.O-O Qe8 8.dxe5 dxe5
9.Be3 b6 10.Nd5 Na6 11.Nxf6+ Bxf6 12.a3 Bb7 13.Qc2 c5 14.Rfd1 Qe7 15.Rd2 Bc6
16.Rad1 Rad8 17.Rxd8 Rxd8 18.Rxd8+ Qxd8 19.Qd3 Qe7 20.Nd2 Nc7 21.Bg4 h5 22.Bh3 Ne8
23.Nb1 Qd6 24.Qxd6 Nxd6 25.f3 Nxc4 26.Bc1 Nd6 27.Nc3 Bd8 28.g3 f5 29.Bg2 Kf7
30.Kf2 Nb5 31.Nxb5 Bxb5 32.f4 Bf6 33.exf5 gxf5 34.Bd5+ Kg6 35.fxe5 Bxe5 36.b3 Be8
37.Kf3 Bf7 38.Bc4 b5 39.Bxb5 Bxb3 40.Be8+ Kf6 41.Ke2 Bc4+ 42.Kd1 Bf7 43.Bd7 h4
44.Be3 Bd4 45.Bxd4+ cxd4 46.gxh4 Bh5+ 47.Kd2 Ke5 48.h3 f4 49.Bg4 Bg6 50.h5 Be4
51.Ke2 Kf6 52.h4 a5 53.Bd7 f3+ 54.Kf2 Ke5 55.h6 Kf6 56.Bg4 Kg6 57.Bxf3 Bc2
58.Ke1 Kxh6 59.Kd2 Bf5 60.Be2 Bd7 61.Kd3 Bb5+ 62.Kd2  1/2-1/2

[Event "Rostov op"]
[Site "Rostov"]
[Date "1993.??.??"]
[Round "?"]
[White "Zvjaginsev, Vadim"]
[Black "Sepp, Olav"]
[Result "1-0"]
[WhiteElo "2445"]
[BlackElo "2355"]

1.d4 Nf6 2.c4 g6 3.Nc3 Bg7 4.e4 d6 5.Be2 O-O 6.Nf3 e5 7.d5 a5 8.h3 Na6 9.Bg5 h6
10.Be3 Nc5 11.Nd2 Ne8 12.g4 f5 13.exf5 gxf5 14.Rg1 Ne6 15.Bxh6 Bxh6 16.dxe6 Ng7
17.gxf5 Rxf5 18.Bg4 Rf8 19.Nd5 Bg5 20.Ne4 Bh4 21.Bf5 Rxf5 22.Qg4 Qf8 23.Qxh4 Bxe6
24.Ne7+ Kf7 25.Nxf5 Bxf5 26.O-O-O Bxe4 27.Qxe4 Ne6 28.Qh7+ Ng7 29.Rg4 Qh8
30.Qg6+ Kf8 31.Qf6+  1-0

[Event "Rostov op"]
[Site "Rostov"]
[Date "1993.??.??"]
[Round "?"]
[White "Kuzmin, Gennadi P"]
[Black "Matveeva, Svetlana"]
[Result "0-1"]
[WhiteElo "2525"]
[BlackElo "2395"]

1.d4 Nf6 2.c4 g6 3.Nc3 Bg7 4.e4 d6 5.Be2 O-O 6.Nf3 e5 7.d5 Na6 8.O-O Nc5
9.Bg5 h6 10.Bxf6 Qxf6 11.b4 Nd7 12.Rc1 Qe7 13.Nb5 Nf6 14.Nd2 h5 15.c5 Bh6
16.Bf3 a6 17.Na3 Bg4 18.Nac4 Kg7 19.Ne3 a5 20.b5 dxc5 21.b6 cxb6 22.Rb1 Bxe3
23.fxe3 c4 24.Nxc4 Nxe4 25.Qc2 Bxf3 26.gxf3 Nd6 27.Nxb6 Rad8 28.Kh1 e4 29.Rbe1 Rfe8
30.f4 Nf5 31.Qc3+ Kg8 32.Rg1 Qb4 33.Qf6 Rd6 34.Qxf5 Qxe1 35.Rxe1 gxf5 36.Rb1 Red8
37.Rb5 a4 38.Kg2 a3 39.Kf2 h4 40.Kg2 h3+  0-1

[Event "Rostov op"]
[Site "Rostov"]
[Date "1993.??.??"]
[Round "?"]
[White "Belov, Igor"]
[Black "Poluljahov, Aleksandr"]
[Result "0-1"]
[WhiteElo "2440"]
[BlackElo "2515"]

1.Nf3 Nf6 2.c4 g6 3.Nc3 Bg7 4.e4 d6 5.d4 O-O 6.Be2 e5 7.O-O exd4 8.Nxd4 Re8
9.f3 c6 10.Kh1 Nh5 11.g4 Nf6 12.Bf4 h5 13.g5 Nh7 14.Rg1 Na6 15.Qd2 Qe7 16.Rad1 Nf8
17.Bf1 Nd7 18.Bg3 Nac5 19.b4 Ne6 20.Nf5 gxf5 21.Bxd6 Qd8 22.exf5 Nd4 23.Qf4 Nf8
24.Rxd4 Bxd4 25.Qxd4 Bxf5 26.c5 b5 27.Qd2 a5 28.bxa5 Qxa5 29.Bd3 Bg6 30.Bxf8 Rxf8
31.Bxg6 fxg6 32.Qd3 Rf5 33.Qd6 Kg7 34.Qd7+ Rf7 35.Qd4+ Kh7 36.Ne4 Qd8 37.Nf6+ Rxf6
38.Qxd8 Rxd8 39.gxf6 Rf8 40.Rd1 Rxf6 41.Rd6 Kg7 42.Rd7+ Kh6 43.Kg2 Kg5 44.Kf2 Kf4
45.Rd4+ Ke5 46.Rd7 Ke6 47.Rd4 Ke7 48.a4 bxa4 49.Rxa4 Rf5 50.Rc4 Ke6 51.Ke3 Kd5
52.Rc1 Re5+ 53.Kd3 h4 54.f4 Rf5 55.Ke3 g5 56.Rd1+ Kxc5 57.Rc1+ Kd6 58.fxg5 Rxg5
59.Rc4 h3 60.Rh4 Ra5 61.Rh6+ Kc5 62.Ke4 Ra3 63.Rh8 Kc4 64.Rh6 c5 65.Rh5 Kb4
66.Rh8 c4 67.Rb8+ Kc3 68.Rh8 Kd2 69.Rd8+ Ke2 70.Re8 c3 71.Kf4+ Kd2 72.Rd8+ Kc1
73.Kg3 c2+ 74.Kf2 Kb2 75.Rd1 Rf3+  0-1

[Event "Rostov"]
[Site "Rostov"]
[Date "1993.??.??"]
[Round "?"]
[White "Pushkov, Nikolai"]
[Black "Dolmatov, Sergey"]
[Result "0-1"]
[WhiteElo "2485"]
[BlackElo "2615"]

1.d4 Nf6 2.Nf3 g6 3.c4 Bg7 4.Nc3 O-O 5.e4 d6 6.Be2 e5 7.Be3 c6 8.O-O exd4
9.Nxd4 Re8 10.Bf3 Nbd7 11.Nc2 Ne5 12.Be2 Be6 13.b3 d5 14.cxd5 cxd5 15.exd5 Nxd5
16.Nxd5 Bxd5 17.Qd2 Be4 18.Rad1 Nc6 19.Bd3 Bxd3 20.Qxd3 Qa5 21.a4 Rac8 22.Na3 Qb4
23.Nc4 Rcd8 24.Qc2 Bd4 25.h3 a6 26.Bc1 Qe7 27.Ne3 h5 28.Bb2 Qb4 29.Bxd4 Nxd4
30.Qc4 Qxc4 31.bxc4 Ne2+ 32.Kh2 Nc3 33.Ra1 Rd2 34.Ra3 Ne4 35.Rb1 Nc5 36.Kg1 Re4
37.a5 Rf4 38.f3 Rfd4 39.Kf1 f5 40.Rc1 Kg7 41.Rc2 Rxc2 42.Nxc2 Rxc4 43.Ne3 Rc1+
44.Ke2 Kf6 45.f4 Rb1 46.Nc4 h4 47.Ke3 Rb4 48.Rc3 Ne6 49.Kf3 Rb1 50.Nb6 Rb5
51.Nc4 Rd5 52.g3 hxg3 53.Kxg3 Rc5 54.Kf3 Nd4+ 55.Ke3 Nc6  0-1

[Event "Rostov op"]
[Site "Rostov"]
[Date "1993.??.??"]
[Round "?"]
[White "Novik, Maxim"]
[Black "Kovalevskaya, Ekaterina"]
[Result "1/2-1/2"]
[WhiteElo "2430"]
[BlackElo "2270"]

1.Nf3 Nf6 2.c4 g6 3.d4 Bg7 4.Nc3 O-O 5.e4 d6 6.Be2 e5 7.O-O Nbd7 8.Qc2 c6
9.Rd1 Qe7 10.Rb1 exd4 11.Nxd4 Nc5 12.f3 a5 13.Bg5 h6 14.Bh4 Re8 15.Bf1 Be6
16.b3 Rad8 17.a3 Na6 18.b4 axb4 19.axb4 g5 20.Bf2 Nd7 21.b5 Bxd4 22.Bxd4 Nac5
23.Nd5 cxd5 24.cxd5 Bg4 25.fxg4 Qxe4 26.Qxe4 Rxe4 27.h3 Ra8 28.Bf2 f6 29.b6 Kf7
30.Rd2  1/2-1/2

[Event "Sala op"]
[Site "Sala"]
[Date "1993.??.??"]
[Round "7"]
[White "Banas, Jan"]
[Black "Shtyrenkov, Veniamen"]
[Result "0-1"]
[WhiteElo "2370"]
[BlackElo "2465"]

1.c4 d6 2.Nc3 Nf6 3.d4 g6 4.e4 Bg7 5.Be2 O-O 6.Nf3 e5 7.d5 a5 8.Bg5 h6 9.Bh4 Na6
10.Nd2 Bd7 11.a3 Qe8 12.b3 Nh7 13.f3 f5 14.Rb1 Nf6 15.b4 axb4 16.axb4 Nh5
17.Bf2 Nf4 18.Bf1 c6 19.g3 cxd5 20.cxd5 Rc8 21.Qb3 Nh5 22.Nc4 Qe7 23.Nb6 Rc7
24.Nxd7 Qxd7 25.Bb6 Rcc8 26.Bb5 Qe7 27.O-O Qg5 28.Rb2 Rf7 29.Rg2 Qe7 30.Bd3 Nc7
31.Rc2 Rcf8 32.Nb5 Nxb5 33.Bxb5 Qg5 34.Rcf2 Nf4 35.Rc2 Nh5 36.Qb1 Bf6 37.Qc1 Bd8
38.Bxd8 Qxd8 39.Bd3 f4 40.g4 Nf6 41.Qd2 g5 42.Qf2 h5 43.h3 Kg7 44.Rfc1 hxg4
45.hxg4 Kg6 46.Bf1 Rh7 47.Bg2 Rfh8 48.Qa7 Qf8 49.Kf1 Nxg4 50.fxg4 f3 51.Rf2 Rh1+  0-1

[Event "Sevilla op"]
[Site "Sevilla"]
[Date "1993.??.??"]
[Round "3"]
[White "Veingold, Aleksandr"]
[Black "Durao, Joaquim"]
[Result "1-0"]
[WhiteElo "2475"]
[BlackElo "2210"]

1.d4 Nf6 2.Nf3 g6 3.c4 Bg7 4.Nc3 d6 5.e4 O-O 6.Be2 e5 7.O-O Nbd7 8.Qc2 exd4
9.Nxd4 Re8 10.Rd1 Nc5 11.f3 a5 12.Ndb5 Nfd7 13.Bf4 Ne5 14.Be3 b6 15.Qd2 Be6
16.b3 a4 17.Rab1 axb3 18.axb3 f5 19.f4 Ned7 20.Bf3 fxe4 21.Nxe4 Nxe4 22.Bxe4 Rb8
23.Bd5 Bxd5 24.Qxd5+ Kh8 25.Bd4 Nf6 26.Qc6 Re7 27.Bxf6 Bxf6 28.Nxd6 Rd7 29.Nf7+ Rxf7
30.Rxd8+ Rxd8 31.g3 Rd2 32.Re1 Kg7 33.Qe8 h5 34.Re2 Rd3 35.b4 h4 36.Kg2 Rd4
37.Qc6 Rd6 38.Qa8 Rd8 39.Qf3 Rh8 40.Re6 h3+ 41.Kf1 Rd8 42.Qg4 Rd4 43.Qxh3 Rd1+
44.Ke2 Rfd7 45.Re8  1-0

[Event "Hospitalet op"]
[Site "Sitges"]
[Date "1993.??.??"]
[Round "5"]
[White "Solozhenkin, Evgeniy"]
[Black "Comas Fabrego, Luis"]
[Result "1/2-1/2"]
[WhiteElo "2515"]
[BlackElo "2435"]

1.d4 Nf6 2.c4 g6 3.Nc3 Bg7 4.e4 d6 5.Nf3 O-O 6.Be2 Na6 7.O-O e5 8.Be3 Ng4
9.Bg5 Qe8 10.dxe5 Nxe5 11.Nd4 Nc5 12.Nd5 f6 13.Be3 Qd8 14.f3 c6 15.Nc3 Qe7
16.Qd2 Re8 17.Rfe1 Nf7 18.Bf1 Qf8 19.Rad1 Ne6 20.Nb3 Rd8 21.Qf2 b6 22.f4 Qe8
23.Qh4 Rb8 24.Qf2 Rb7 25.Be2 Re7 26.Bf3 Ba6 27.Be2 Nc5 28.Nd4 f5 29.b4 Nxe4
30.Nxe4 Rxe4 31.Bd3 c5 32.Bxe4 fxe4 33.bxc5 bxc5 34.Nb5 Bxb5 35.cxb5 Qxb5
36.Qc2 Qc6 37.Bf2 Re8 38.Qc4 h5 39.Rd5 Qb6 40.Rg5 e3 41.Bxe3 d5 42.Rxd5 Bd4
43.Qc1 Qa5 44.Kh1 Qxa2 45.Bxd4 Rxe1+ 46.Qxe1 Qxd5 47.Qe8+ Kh7 48.Bxc5 Qxc5
49.Qxf7+ Kh8 50.h4 a5 51.Qf6+ Kh7 52.Qf7+ Kh6 53.Qf6  1/2-1/2

[Event "SLO-chJ"]
[Site "?"]
[Date "1993.??.??"]
[Round "?"]
[White "Tratar, Marko"]
[Black "Soln, Primoz"]
[Result "1-0"]
[WhiteElo "2290"]
[BlackElo "2300"]

1.d4 Nf6 2.Nf3 g6 3.c4 Bg7 4.Nc3 d6 5.e4 O-O 6.Be2 e5 7.O-O exd4 8.Nxd4 Re8
9.f3 Nh5 10.g4 Nf6 11.Kh1 Nc6 12.Nc2 Nd7 13.Nd5 Nc5 14.Rb1 Ne6 15.Be3 g5
16.Bd2 Ne5 17.Nce3 c6 18.Nc3 Ng6 19.Nf5 Be5 20.Qe1 Nef4 21.Be3 Qf6 22.Rd1 b6
23.Rd2 Ba6 24.Bd4 Rad8 25.Qf2 Nxe2 26.Qxe2 Nf4 27.Qf2 Bxc4 28.Rfd1 d5 29.b3 Ba6
30.exd5 cxd5 31.h4 Bc8 32.hxg5 Qxg5 33.Bxe5 Rxe5 34.Ne4 Rxe4 35.fxe4 Re8
36.Rf1 Rxe4 37.Ng3 Rb4 38.Nh5 Nxh5 39.Qxf7+ Kh8 40.Qe8+ Qg8 41.Rf8 Ng3+ 42.Kg2 Rxg4
43.Qe5+  1-0

[Event "SLO-chT"]
[Site "?"]
[Date "1993.??.??"]
[Round "?"]
[White "Kozul, Zdenko"]
[Black "Kljako, Damir"]
[Result "1-0"]
[WhiteElo "2595"]
[BlackElo "2295"]

1.d4 Nf6 2.c4 d6 3.Nf3 Nbd7 4.Nc3 e5 5.e4 g6 6.Be2 Bg7 7.O-O O-O 8.Qc2 exd4
9.Nxd4 Re8 10.Rd1 Nc5 11.f3 a5 12.Ndb5 Nfd7 13.Bf1 a4 14.Rb1 Ne5 15.Be3 Ned7
16.Qd2 Ne6 17.Rbc1 b6 18.b4 axb3 19.axb3 Ndc5 20.Rb1 Bb7 21.b4 Nd7 22.Nd5 Bc6
23.Rbc1 Ne5 24.Qf2 h6 25.Rd2 f5 26.exf5 gxf5 27.Nbxc7 Nxc7 28.Bxb6 Rc8 29.Nxc7 Rxc7
30.c5 Nxf3+ 31.gxf3 Qg5+ 32.Bg2 Rce7 33.f4 Qxg2+ 34.Qxg2 Bxg2 35.cxd6 Be4
36.dxe7 Rxe7 37.Rd8+ Kh7 38.Rc7 Re6 39.Bd4 Rg6+ 40.Kf2  1-0

[Event "SLO-chT"]
[Site "?"]
[Date "1993.??.??"]
[Round "?"]
[White "Bukic, Enver"]
[Black "Kljako, Damir"]
[Result "1-0"]
[WhiteElo "2450"]
[BlackElo "2295"]

1.d4 Nf6 2.c4 g6 3.Nc3 Bg7 4.e4 d6 5.Nf3 O-O 6.Be2 Nbd7 7.O-O e5 8.Be3 Ng4
9.Bg5 f6 10.Bh4 Nh6 11.h3 Nf7 12.Qc2 c6 13.Rad1 Qc7 14.Rfe1 Re8 15.Bf1 a5
16.Na4 b6 17.c5 dxc5 18.dxe5 Ndxe5 19.Nxe5 fxe5 20.Bc4 b5 21.Bxf7+ Qxf7 22.Nb6 Rb8
23.Nxc8 Rbxc8 24.Qxc5 Bf8 25.Qb6 Qxa2 26.Rd7 Qe6 27.Ra7 Be7 28.Bxe7 Rxe7
29.Rxa5 Qd6 30.Rxb5 Rf7 31.Rd5 Rb8 32.Rxd6 Rxb6 33.Re2 Rfb7 34.Re6 Kf7 35.Rxe5 Rxb2
36.Rxb2 Rxb2 37.f4 Rc2 38.Kh2 c5 39.Kg3 c4 40.Kf3 Rc3+ 41.Kf2 Rc2+ 42.Kf3 Rc3+
43.Kg4 h5+ 44.Kh4 Re3 45.f5 c3 46.fxg6+ Kxg6 47.Re6+ Kf7 48.Rc6 Ke7 49.Kxh5 Rg3
50.Kh4 Rxg2 51.Rxc3 Re2 52.Rc4 Kf6 53.Kg4 Re3 54.h4 Ke5 55.h5 Re1 56.h6 Rg1+
57.Kh5 Kf6 58.Rc6+ Ke5 59.h7 Kxe4 60.Rc8 Kf5 61.Rf8+  1-0

[Event "SLO-chT"]
[Site "?"]
[Date "1993.??.??"]
[Round "?"]
[White "Sifrer, Darko"]
[Black "Plesec, Damjan"]
[Result "1/2-1/2"]
[WhiteElo "2440"]
[BlackElo "2380"]

1.Nf3 g6 2.c4 Bg7 3.Nc3 d6 4.d4 Nf6 5.e4 O-O 6.Be2 e5 7.dxe5 dxe5 8.Qxd8 Rxd8
9.Bg5 Re8 10.Nd5 Nxd5 11.cxd5 c6 12.Bc4 cxd5 13.Bxd5 Nc6 14.O-O-O Bg4 15.Bxc6 Rac8
16.Kb1 Rxc6 17.Rc1 Bxf3 18.gxf3 Rec8  1/2-1/2

[Event "SLO-chT"]
[Site "?"]
[Date "1993.??.??"]
[Round "?"]
[White "Gostisa, Leon"]
[Black "Bukic, Enver"]
[Result "1/2-1/2"]
[WhiteElo "2470"]
[BlackElo "2450"]

1.d4 Nf6 2.Nf3 d6 3.c4 g6 4.Nc3 Bg7 5.e4 O-O 6.Be2 e5 7.O-O Na6 8.Re1 c6
9.Bf1 Bg4 10.dxe5 Bxf3 11.Qxf3 dxe5 12.Be3 Nd7 13.Na4 Qe7 14.Rad1 Rfd8 15.g3 Nac5
16.Nxc5 Nxc5 17.Rxd8+ Rxd8 18.Rd1 Ne6 19.Rxd8+ Qxd8 20.Bxa7 Qa5 21.Qa3 Qxa3
22.bxa3 Bf8 23.Bh3 Bc5 24.Bxe6 Bxa7 25.Bc8 b6 26.Bb7 Bb8 27.c5 bxc5 28.Kf1 c4
29.Ke2 Ba7 30.Bxc6 Kf8 31.Bd5 c3 32.f3 Ke7 33.Kd3 Bd4 34.Bb3 f6 35.Kc4 Kd6
36.Kb5 h5 37.a4 g5 38.h3 Bf2 39.g4 hxg4 40.hxg4 Bd4 41.a5 Kc7 42.Kc4 Kd6
43.Bc2 Kc6 44.Ba4+ Kd6 45.a6 Ba7 46.Kxc3  1/2-1/2

[Event "Sochi"]
[Site "Sochi"]
[Date "1993.??.??"]
[Round "?"]
[White "Neverov, Valeriy"]
[Black "Ryskin, Alexander"]
[Result "1-0"]
[WhiteElo "2535"]
[BlackElo "2515"]

1.d4 Nf6 2.c4 g6 3.Nc3 Bg7 4.e4 d6 5.Nf3 O-O 6.Be2 e5 7.O-O Na6 8.Re1 c6
9.Bf1 Bg4 10.d5 Ne8 11.h3 Bd7 12.Rb1 c5 13.a3 f5 14.b4 f4 15.Nb5 Rf7 16.Nd2 Qc8
17.Rb3 Bf8 18.Bb2 Qd8 19.Nf3 Qf6 20.Qa1 g5 21.Nxd6 Bxd6 22.Nxe5 Bxe5 23.Bxe5 Qg6
24.Bb2 f3 25.e5 Rf4 26.g3 Ba4 27.Rbe3 Nac7 28.Kh2 Rf8 29.Bd3 Qh6 30.e6 Nf6
31.Bxf6 Rxf6 32.Qe5 Qg7 33.bxc5 Re8 34.e7 Bd7 35.Qxc7 Bxh3 36.Kg1 Bg2 37.Qd7 Qf7  1-0

[Event "St Martin op"]
[Site "St Martin"]
[Date "1993.??.??"]
[Round "8"]
[White "Peric, Slavisa"]
[Black "Renet, Olivier"]
[Result "1/2-1/2"]
[WhiteElo "2270"]
[BlackElo "2535"]

1.d4 Nf6 2.c4 g6 3.Nc3 Bg7 4.e4 d6 5.Nf3 O-O 6.Be2 e5 7.dxe5 dxe5 8.Qxd8 Rxd8
9.Nd5 Rd7 10.Nxe5 Nxd5 11.Nxd7 Nb4 12.Nxb8 Nc2+ 13.Kd1 Nxa1 14.Bf4 Bxb2 15.Bxc7 a5
16.f4 a4 17.Kd2 a3 18.Be5 Kf8 19.Bxb2 axb2 20.Kc3 Rxa2 21.Rb1 Ke8 22.Rxb2 Ra8
23.Rd2 Be6 24.Kb2 b5 25.Nc6 bxc4 26.Nd4 Nb3 27.Nxe6 fxe6 28.Rd1 Rc8 29.Kc3 Nc5
30.Rd4 Ke7 31.Kc2 Nd7 32.Rxc4 Rxc4+ 33.Bxc4 e5 34.g3 Kf6 35.Kd3 exf4 36.gxf4 g5
37.Bb5 Nc5+ 38.Kd4 Ne6+ 39.Kd5 Nxf4+ 40.Kd6 Ng6 41.Be2  1/2-1/2

[Event "St Petersburg op"]
[Site "St Petersburg"]
[Date "1993.??.??"]
[Round "?"]
[White "Shneider, Aleksandr"]
[Black "Kochyev, Alexander"]
[Result "1/2-1/2"]
[WhiteElo "2560"]
[BlackElo "2475"]

1.d4 Nf6 2.c4 g6 3.Nc3 Bg7 4.e4 d6 5.Be2 O-O 6.Nf3 e5 7.O-O Nbd7 8.Qc2 exd4
9.Nxd4 Re8 10.Rd1 Nc5 11.f3 Nh5 12.Be3 Be5 13.Bf2 Nf4 14.Bf1 Qg5 15.g3 Nh3+
16.Bxh3 Bxh3 17.f4 Bxf4 18.Nd5 Be5 19.Nf3 Qd8 20.Nxe5 Rxe5 21.Bxc5 dxc5 22.Nf4 Qc8
23.Qc3 Rxe4 24.Nd5 Re6 25.Re1 Qd8 26.Rad1 Rxe1+ 27.Rxe1 Be6 28.Nf6+ Kh8 29.Nd5+ Kg8
30.Nf6+ Kh8  1/2-1/2

[Event "Stockerau op"]
[Site "Stockerau"]
[Date "1993.??.??"]
[Round "2"]
[White "Ezsol, Miklos"]
[Black "Babic, Momcilo"]
[Result "1-0"]
[WhiteElo "2340"]
[BlackElo "2310"]

1.d4 Nf6 2.Nf3 g6 3.c4 Bg7 4.Nc3 O-O 5.e4 d6 6.Be2 e5 7.dxe5 dxe5 8.Be3 c6
9.O-O Qc7 10.Nd2 Be6 11.c5 Nbd7 12.b4 Ne8 13.Bc4 Bxc4 14.Nxc4 f5 15.exf5 gxf5
16.Qb3 Kh8 17.f3 Ndf6 18.Rad1 Rg8 19.Kh1 Nh5 20.g4 Nf4 21.gxf5 Nh3 22.Ne4 Bf6
23.Bh6 Bh4 24.Qb2 Nf6 25.Nxe5 Rae8 26.Nd7 Rxe4 27.fxe4 Rg1+ 28.Rxg1 Nf2+
29.Qxf2 Bxf2 30.Nxf6 Bxg1 31.Rxg1 Qf7 32.Rg8+  1-0

[Event "Stockerau"]
[Site "Stockerau"]
[Date "1993.??.??"]
[Round "8"]
[White "Gyimesi, Zoltan"]
[Black "Rogozenko, Dorin"]
[Result "1/2-1/2"]
[WhiteElo "2390"]
[BlackElo "2500"]

1.d4 Nf6 2.c4 d6 3.Nc3 Nbd7 4.e4 e5 5.Nf3 g6 6.Be2 Bg7 7.O-O O-O 8.Re1 Re8
9.Bf1 a6 10.Rb1 exd4 11.Nxd4 c6 12.Nb3 Qc7 13.Bf4 Ne5 14.f3 Be6 15.Bxe5 dxe5
16.c5 b5 17.cxb6 Qxb6+ 18.Kh1 Nd7 19.Qc2 Bf8 20.Rec1 Reb8 21.Nd2 Bh6 22.Rd1 Qf2
23.Bd3 Nc5 24.Be2 Bf4 25.Nf1 a5 26.b3 Rd8 27.Rxd8+ Rxd8 28.Nd1 Qd4 29.Nb2 Rd7
30.Rd1 Qf2 31.Rxd7 Bxd7 32.Nd3 Nxd3 33.Bxd3 Qd4 34.Bc4 Kg7 35.g3 Bh6 36.Kg2 Bg5
37.a4 f5 38.Qd3 c5 39.Qxd4 cxd4 40.Kf2 Kf8 41.Ke2 Ke7 42.Kd3 fxe4+ 43.fxe4 Bh3
44.Ke2 h6 45.Kf3 Bd7 46.h4 Bc1 47.Nh2 h5 48.Kf2 Be3+ 49.Ke1 Bc6 50.Bd3 Kd6
51.Nf3 Bh6 52.Kf2 Bg7 53.Ke2 Bd7 54.Nd2 Kc5 55.Bc4 Kb4 56.Kd3 Bf6 57.Bf7 g5
58.hxg5 Bxg5 59.Nc4 Bf6 60.Nb6 Bc6 61.Nd5+  1/2-1/2

[Event "Rilton Cup op9394"]
[Site "Stockholm"]
[Date "1993.??.??"]
[Round "6"]
[White "Hillarp Persson, Tiger"]
[Black "Ryskin, Alexander"]
[Result "1-0"]
[WhiteElo "2350"]
[BlackElo "2515"]

1.d4 Nf6 2.c4 g6 3.Nc3 Bg7 4.e4 d6 5.Be2 O-O 6.Nf3 Na6 7.O-O e5 8.Re1 c6
9.Rb1 Ng4 10.d5 f5 11.b4 c5 12.a3 Bh6 13.h3 Bxc1 14.Qxc1 Nf6 15.Ng5 f4 16.Rd1 Qe7
17.Qd2 Rd8 18.g3 Nh5 19.Ne6 Bxe6 20.dxe6 Qxe6 21.Bxh5 gxh5 22.Qd5 Qxd5 23.Nxd5 cxb4
24.gxf4 Nc5 25.axb4 Nxe4 26.fxe5 dxe5 27.Rb3 Kh8 28.Re3 Ng5 29.Kf1 Nf7 30.Rf3 Nd6
31.c5 Nc4 32.Rf7 Rf8 33.Rxb7 Rad8 34.Ke2 Nb2 35.Rd2 Nc4 36.Rd1 Nb2 37.Rb1 Nc4
38.Rc1 Nb2 39.Rc2 Rxd5 40.Rxb2 a6 41.Rc2 e4 42.c6 Rdf5 43.Kd1 Rc8 44.Rd7 Kg8
45.c7 Rff8 46.Ke2 Rfe8 47.Rc5 h4 48.Ke3  1-0

[Event "Rilton Cup op9394"]
[Site "Stockholm"]
[Date "1993.??.??"]
[Round "7"]
[White "Lyrberg, Patrik"]
[Black "Ostergaard, Dan"]
[Result "1-0"]
[WhiteElo "2420"]
[BlackElo "2220"]

1.d4 Nf6 2.c4 g6 3.Nc3 Bg7 4.e4 d6 5.Nf3 O-O 6.Be2 e5 7.d5 Nbd7 8.Bg5 h6
9.Bh4 a5 10.Nd2 h5 11.Bg5 Nc5 12.h3 Qe8 13.g4 Nh7 14.Be3 h4 15.g5 f6 16.gxf6 Bxf6
17.Nf3 Bd7 18.Qd2 Na4 19.Nxa4 Bxa4 20.Rg1 Kh8 21.Nh2 c5 22.Bg4 Bg7 23.Be6 Rf6
24.Rg4 Qe7 25.Bg5 Bd7 26.Bxf6 Bxf6 27.Bxd7 Qxd7 28.O-O-O g5 29.Nf3 b5 30.Nxg5 Bxg5
31.Rxg5 Nxg5 32.Qxg5 bxc4 33.Rg1  1-0

[Event "FRM-ch"]
[Site "Struga"]
[Date "1993.??.??"]
[Round "2"]
[White "Gicov, Zoran"]
[Black "Stamenkov, Vanco"]
[Result "1/2-1/2"]
[WhiteElo "2265"]
[BlackElo "2330"]

1.d4 Nf6 2.Nf3 g6 3.c4 Bg7 4.Nc3 O-O 5.e4 d6 6.Be2 e5 7.dxe5 dxe5 8.Qxd8 Rxd8
9.Bg5 c6 10.O-O Re8 11.Rfd1 Nbd7 12.b4 h6 13.Bxf6 Bxf6 14.Rd2 Nf8 15.Rad1 Bg4
16.h3 Bxf3 17.Bxf3 Ne6  1/2-1/2